00913nam a22002177a 45000010005000000030006000050050017000110080041000280200018000690400029000870820013001161000020001292450058001492600039002073000058002465050007003045200299003115210028006105210018006386500039006569200FISKH20251128160327.0251128b cb ||||| |||| 00| 0 eng d a9780721416960 aFISKHbengcFISKHdFISKH a 823.914 aPerham, Molly  aThe princess and the frog /cillustrated by Sue King  aLoughborough : bLadybird, c1994. a26 unnumbered pages : bcolor illustrations ; c18 cm aJ  aThe former Well Loved Tales series have been redesigned with brighter inks and coated paper to enhance the appeal of these fairy tales to young children. They are all intended for one level of readability and are considered ideal bedtime stories. This is the story of the Princess and the frog.8 a430 bLexile estimate 8 aJ bRaz-Plus  aFairy talesvChildren's literature